000 00984cam a2200241 4500
001 WB3646-20
008 000000n2000 000 0 eng u
035 _a(Sirsi) u109446
245 _aNew role for RDAs
260 _c2000
490 _aUrban Environment Today
_v(109) 16 November 2000, 1(1)
520 _aThe Regional Development Agencies (RDAs) are to play a major role in progressing measures set out in the recently published Urban White paper. For instance, they will take on responsibility for promoting the future of towns and cities, and could also oversee the quality of development within them. Describes some of the key measures in the Urban White Paper, and Lord Rogers' response to it.
590 _aWB
650 _aREGIONAL DEVELOPMENT AGENCIES
650 _aRDAS
650 _aURBAN WHITE PAPER
650 _aURBAN TASK FORCE
650 _aLORD ROGERS
650 _aURBAN POLICY
650 _aDEVELOPMENT
690 _aREGENERATION
942 _n0
999 _c65332
_d65332